000 00391pab a2200145 454500
008 180718b2006 xxu||||| |||| 00| 0 eng d
100 _aMcGuire, Michael
245 _aIntergovernmental management: a view from the bottom
260 _c2006
300 _ap.677-93.
362 _aSep-Oct
650 _aIntergovernmental relations
773 _aPublic Administration Review
909 _a72082
999 _c72082
_d72082